Reflections: (Record no. 26456)

MARC details
000 -LEADER
fixed length control field 02179nam a22003617a 4500
005 - DATE AND TIME OF LATEST TRANSACTION
control field 20090516112052.0
008 - FIXED-LENGTH DATA ELEMENTS--GENERAL INFORMATION
fixed length control field 090516t xxu||||| |||| 00| 1 eng d
010 ## - LCCN (DPL NO)
LC control number ENG-93540
020 ## - INTERNATIONAL STANDARD BOOK NUMBER
Terms of availability 250.00
International Standard Book Number 9788185002842
035 ## - SYSTEM CONTROL NUMBER
System control number EN-77073
035 ## - SYSTEM CONTROL NUMBER
System control number B-361045-050
037 ## - SOURCE OF ACQUISITION
Source of stock number/acquisition DBAD / PUB
037 ## - SOURCE OF ACQUISITION
Source of stock number/acquisition PUB
040 ## - CATALOGING SOURCE
Original cataloging agency dpl
Language of cataloging English
082 ## - DEWEY DECIMAL CLASSIFICATION NUMBER
Classification number S
245 ## - TITLE STATEMENT
Title Reflections:
Remainder of title the bollywood connection /
Statement of responsibility, etc original stories in German by Dorothea Nurnberg; English translation by Karin & Amrit Bhatia
260 ## - PUBLICATION, DISTRIBUTION, ETC. (IMPRINT)
Place of publication, distribution, etc New Delhi
Name of publisher, distributor, etc Promilla & Co., Publishers; Bibliophile South Asia
Date of publication, distribution, etc 2007
270 ## - ADDRESS
Address C-127, Sarvodaya Enclave
City New Delhi
Postal code 110017
300 ## - PHYSICAL DESCRIPTION
Extent 111p.
Dimensions 20cm(pbk)
650 ## - SUBJECT ADDED ENTRY--TOPICAL TERM
Topical term or geographic name as entry element Short stories, German
General subdivision Translation into English.
700 ## - ADDED ENTRY--PERSONAL NAME
Personal name Nurnberg, Dorothea
700 ## - ADDED ENTRY--PERSONAL NAME
Personal name Karin
700 ## - ADDED ENTRY--PERSONAL NAME
Personal name Bhatia, Amrit
942 ## - ADDED ENTRY ELEMENTS (KOHA)
Source of classification or shelving scheme Dewey Decimal Classification
Item type English Books
Call number suffix REF
Classification part S
Holdings
Withdrawn status Lost status Source of classification or shelving scheme Damaged status Not for loan Collection code Home library Current library Date acquired Source of acquisition Cost, normal purchase price Total Checkouts Full call number Barcode Date last seen Copy number Cost, replacement price Koha item type Checked out
    Dewey Decimal Classification     Fiction Central Library Central Library 15/04/2010 Bibliophile South Asia/259/27.10.09/134/16.10.09/27.10.09 250.00 3 S REF B-361045 16/11/2019 1 250.00 English Books  
    Dewey Decimal Classification   Not For Loan Fiction D.B.Act.Division D.B.Act.Division 16/05/2009 DBAD / PUB 250.00   S REF EN-77073 16/05/2009 1 250.00 English Books  
    Dewey Decimal Classification     Fiction Karol Bagh Karol Bagh 15/04/2010 Bibliophile South Asia/259/27.10.09/134/16.10.09/27.10.09 250.00   S REF B-361049 15/04/2010 1 250.00 English Books  
  Written-off vide DLB M. No. 383 dt 16.05.19 Dewey Decimal Classification     Fiction Patel Nagar Patel Nagar 15/04/2010 Bibliophile South Asia/259/27.10.09/134/16.10.09/27.10.09 250.00   S REF B-361046 15/04/2010 1 250.00 English Books  
    Dewey Decimal Classification     Fiction Sarojini Nagar Sarojini Nagar 15/04/2010 Bibliophile South Asia/259/27.10.09/134/16.10.09/27.10.09 250.00 6 S REF B-361047 19/04/2023 1 250.00 English Books  
    Dewey Decimal Classification     Fiction Shahdara Branch Shahdara Branch 15/04/2010 Bibliophile South Asia/259/27.10.09/134/16.10.09/27.10.09 250.00 3 S REF B-361050 17/03/2020 1 250.00 English Books 01/04/2020
    Dewey Decimal Classification     Fiction Vinoba Puri Vinoba Puri 15/04/2010 Bibliophile South Asia/259/27.10.09/134/16.10.09/27.10.09 250.00 3 S REF B-361048 22/06/2021 1 250.00 English Books  

© Delhi Public Library
Hit Counter
free hit counter